Vajon ki fog..
Elmentve itt :
| Szerző: | |
|---|---|
| Adatforrás: | Meister |
| Forrásdokumentuma: | Korunk. - 3 sz., 1994, 41-43 p. |
| Nyelv: | magyar |
| Kulcsszavak: | politikai publicisztika politikai intézmények magyarok (romániai) RMDSZ-politika politikus RMDSZ-Romániai Magyar Demokrata Szövetség |
| LEADER | 00504nab a2200181 i 4500 | ||
|---|---|---|---|
| 001 | bibPRO00000045 | ||
| 008 | 060524s1994 xx hun | ||
| 040 | |a Sz1 | ||
| 041 | |a hun | ||
| 100 | 1 | |a SZŐCS Géza | |
| 245 | 1 | 0 | |a Vajon ki fog.. |c SZŐCS Géza |
| 695 | |a politikai publicisztika | ||
| 695 | |a politikai intézmények | ||
| 695 | |a magyarok (romániai) | ||
| 695 | |a RMDSZ-politika | ||
| 695 | |a politikus | ||
| 695 | |a RMDSZ-Romániai Magyar Demokrata Szövetség | ||
| 773 | 0 | |t Korunk. - |g 3 sz., 1994, 41-43 p. | |